[Event "Online Olym Disabilities"]
[Site "Tornelo INT"]
[Date "2020.11.24"]
[Round "4.19"]
[White "Palacios Figueroa, Barbara del Valle"]
[Black "Gungor, Gokhan R"]
[Result "0-1"]
[WhiteElo "1724"]
[BlackElo "1579"]
[PlyCount "64"]
[EventDate "2020.11.21"]
[EventType "team-swiss (rapid)"]
[EventRounds "7"]
[EventCountry "NET"]
[SourceTitle "CBM 199 Extra"]
[Source "ChessBase"]
[SourceDate "2021.01.31"]
[SourceVersion "1"]
[SourceVersionDate "2021.01.31"]
[SourceQuality "1"]
[WhiteTeam "Venezuela"]
[BlackTeam "Turkey III"]
[WhiteTeamCountry "VEN"]
[BlackTeamCountry "TUR"]

1. e4 e5 2. Bc4 Nf6 3. d3 Bc5 4. Nf3 d6 5. h3 Nc6 6. c3 0-0 7. 0-0 Be6 8. Bb3 d5 9. Qe2 dxe4 10. dxe4 Qe7 11. Nbd2 Rfd8 12. Bxe6 Qxe6 13. b4 Bf8 14. Nc4 b5 15. Nb2 a6 16. Bg5 Rd7 17. Bxf6 Qxf6 18. a4 Rad8 19. axb5 axb5 20. Qxb5 Ne7 21. Qxe5 Qc6 22. b5 Qb7 23. Nd4 Ng6 24. Qf5 Re7 25. Nc6 Rd2 26. Nxe7+ Nxe7 27. Qf3 Rxb2 28. c4 Ng6 29. Rfd1 Rb4 30. Rac1 Ne5 31. Qf5 Nxc4 32. Rd5 Nd6 0-1

[Event "Online Olym Disabilities"]
[Site "Tornelo INT"]
[Date "2020.11.22"]
[Round "2.25"]
[White "Gungor, Gokhan R"]
[Black "Mendoza Lainez, Ricardo Jose"]
[Result "1-0"]
[WhiteElo "1579"]
[BlackElo "1137"]
[PlyCount "41"]
[EventDate "2020.11.21"]
[EventType "team-swiss (rapid)"]
[EventRounds "7"]
[EventCountry "NET"]
[SourceTitle "CBM 199 Extra"]
[Source "ChessBase"]
[SourceDate "2021.01.31"]
[SourceVersion "1"]
[SourceVersionDate "2021.01.31"]
[SourceQuality "1"]
[WhiteTeam "Turkey III"]
[BlackTeam "Nicaragua"]
[WhiteTeamCountry "TUR"]
[BlackTeamCountry "NCA"]

1. e4 d5 2. exd5 Qxd5 3. Nc3 Qd8 4. d4 Nf6 5. Nf3 Bg4 6. Be2 Nc6 7. Be3 e6 8. 0-0 Bd6 9. Re1 0-0 10. Nb5 Bxf3 11. Bxf3 Bxh2+ 12. Kxh2 a6 13. Nc3 Qd6+ 14. g3 Ne7 15. Rh1 Ng6 16. Kg2 e5 17. dxe5 Qxe5 18. Qe2 Rad8 19. Rad1 Rde8 20. Bxb7 Qe7 21. Nd5 1-0

[Event "IBCA Wch blind 13th"]
[Site "Katerini"]
[Date "2014.05.11"]
[Round "6"]
[White "Gungor, Gokhan R"]
[Black "Hilton, Stephen H"]
[Result "0-1"]
[WhiteElo "1707"]
[BlackElo "1915"]
[PlyCount "64"]
[EventDate "2014.05.05"]
[EventType "swiss"]
[EventRounds "9"]
[EventCountry "GRE"]
[SourceTitle "CBM 160 Extra"]
[Source "ChessBase"]
[SourceDate "2014.07.01"]
[SourceVersion "1"]
[SourceVersionDate "2014.07.01"]
[SourceQuality "1"]

1. e4 c5 2. Nf3 d6 3. d4 cxd4 4. Nxd4 Nf6 5. Nc3 a6 6. Be2 e5 7. Nb3 Be7 8. Be3 Be6 9. 0-0 0-0 10. f4 Qc7 11. f5 Bc4 12. Bxc4 Qxc4 13. Nd2 Qc6 14. Qf3 Rd8 15. Rad1 Nbd7 16. Kh1 Nb6 17. g4 d5 18. exd5 Nbxd5 19. Nxd5 Nxd5 20. Ne4 Nxe3 21. Qxe3 Bc5 22. Qf3 Bb6 23. Nc3 Rxd1 24. Nxd1 e4 25. Qc3 Qd6 26. Ne3 Bc7 27. Rf2 Rd8 28. g5 Bb6 29. Qb3 Qd4 30. Re2 Qc5 31. g6 hxg6 32. fxg6 Rd1+ 0-1

[Event "IBCA Wch blind 13th"]
[Site "Katerini"]
[Date "2014.05.08"]
[Round "4"]
[White "Gungor, Gokhan R"]
[Black "Schellmann, Frank"]
[Result "0-1"]
[WhiteElo "1707"]
[BlackElo "2085"]
[PlyCount "28"]
[EventDate "2014.05.05"]
[EventType "swiss"]
[EventRounds "9"]
[EventCountry "GRE"]
[SourceTitle "CBM 160 Extra"]
[Source "ChessBase"]
[SourceDate "2014.07.01"]
[SourceVersion "1"]
[SourceVersionDate "2014.07.01"]
[SourceQuality "1"]

1. e4 e5 2. Nf3 Nc6 3. d4 exd4 4. Nxd4 Nf6 5. Nxc6 bxc6 6. e5 Qe7 7. Qe2 Nd5 8. c4 Nb6 9. Nd2 a5 10. b3 a4 11. Bb2 axb3 12. axb3 Rxa1+ 13. Bxa1 Qa3 14. Qd1 Bb4 0-1

[Event "IBCA Wch blind 13th"]
[Site "Katerini"]
[Date "2014.05.05"]
[Round "1"]
[White "Mueller, Thorsten"]
[Black "Gungor, Gokhan R"]
[Result "1-0"]
[WhiteElo "2119"]
[BlackElo "1707"]
[PlyCount "37"]
[EventDate "2014.05.05"]
[EventType "swiss"]
[EventRounds "9"]
[EventCountry "GRE"]
[SourceTitle "CBM 160 Extra"]
[Source "ChessBase"]
[SourceDate "2014.07.01"]
[SourceVersion "1"]
[SourceVersionDate "2014.07.01"]
[SourceQuality "1"]

1. d4 d5 2. Nf3 c6 3. Bf4 Nf6 4. e3 e6 5. Bd3 Be7 6. Ne5 Nbd7 7. Nd2 0-0 8. Qf3 c5 9. c3 Nxe5 10. dxe5 Nd7 11. 0-0-0 c4 12. Bc2 b5 13. h4 a6 14. Bxh7+ Kxh7 15. Qh5+ Kg8 16. Nf3 f6 17. Ng5 fxg5 18. hxg5 Nf6 19. exf6 1-0

[Event "IBCA Wch blind 12th"]
[Site "Belgrade"]
[Date "2010.09.04"]
[Round "9.55"]
[White "Salamun, Janko"]
[Black "Gungor, Gokhan R"]
[Result "1-0"]
[WhiteElo "1798"]
[BlackElo "1903"]
[PlyCount "45"]
[EventDate "2010.08.26"]
[EventType "swiss"]
[EventRounds "9"]
[EventCountry "SRB"]
[SourceTitle "EXT 2011"]
[Source "ChessBase"]
[SourceDate "2010.11.26"]
[SourceVersion "1"]
[SourceVersionDate "2010.11.26"]
[SourceQuality "1"]

1. d4 d5 2. c4 c6 3. Nc3 Nf6 4. Nf3 Nbd7 5. e3 Qc7 6. Bd3 e6 7. 0-0 Bd6 8. h3 0-0 9. Re1 Re8 10. e4 dxe4 11. Nxe4 Nxe4 12. Bxe4 Nf6 13. Bd3 h6 14. Ne5 c5 15. Be3 b6 16. Ng4 Nxg4 17. Qxg4 e5 18. Qe4 f5 19. Qxa8 e4 20. Bxe4 fxe4 21. Qd5+ Kh8 22. Qh5 Bb7 23. Qxe8+ 1-0